Country Flags with Crescent - Statistics

General Stats
  • This quiz has been taken 24 times
  • The average score is 11 of 15
Answer Stats
Facing Answer % Correct
Right Algeria
94%
Diagonally Pakistan
94%
Right Libya
89%
Right Turkey
89%
Right Uzbekistan
89%
Right Tunisia
83%
Right Azerbaijan
78%
Right Malaysia
72%
Diagonally Turkmenistan
72%
Up Mauritania
67%
Right Singapore
61%
Right Maldives
56%
Up Brunei
50%
Right Comoros
50%
Up Nepal
33%
No matching quizzes found
Score Distribution
Percent of People with Each Score
Percentile by Number Answered
Your Score History
You have not taken this quiz